00557cam a22001811 4500008004100000245009500041260004100136300003300177504004100210650002300251650001900274650001700293700001700310700002100327003000100348005001700349040000900366 14aThe origin of genetics;ba mendel source book /cedited by Curt Stern and Eva R. Sherwood. aSan Francisco:bW.H. Freemancc1966. axi, 179 p. :bill. ;c20 cm. aIncludes bibliographical references. 0aGeneticsxHistory. 2aHybridization. 6aHybridation. aStern, Curt.1 aSherwood, Eva R.20230123133128.0 cNUST